Communication works / (Record no. 15204)

000 -LEADER
fixed length control field 00451cam a2200169 a 4500
020 ## - INTERNATIONAL STANDARD BOOK NUMBER
ISBN 0070228167 (alk. paper)
040 ## - CATALOGING SOURCE
Transcribing agency DLC
082 00 - DEWEY DECIMAL CLASSIFICATION NUMBER
Classification number 302 HIL 1996 A074 Or.
100 1# - MAIN ENTRY--AUTHOR NAME
Personal name Gamble, Teri Kwal.
245 10 - TITLE STATEMENT
Title Communication works /
250 ## - EDITION STATEMENT
Edition statement 5th ed.
260 ## - PUBLICATION, DISTRIBUTION, ETC. (IMPRINT)
Place of publication New York :
Name of publisher McGraw-Hill,
Year of publication c1996.
300 ## - PHYSICAL DESCRIPTION
Number of Pages xxxii, 542, 12 p. :
Other physical details ill. (some col.) ;
Dimensions 24 cm.
650 #0 - SUBJECT ADDED ENTRY--TOPICAL TERM
Topical Term Oral communication.
700 1# - ADDED ENTRY--PERSONAL NAME
Personal name Gamble, Michael,
942 ## - ADDED ENTRY ELEMENTS (KOHA)
Koha item type សៀវភៅភាសាអង់គ្លេស
952 ## - LOCATION AND ITEM INFORMATION (KOHA)
Withdrawn status [LOCAL, KOHA] 0
Holdings
Permanent Location Date acquired Koha item type Lost status Shelving location Barcode Current Location Full call number
Library Block A2017-11-13សៀវភៅភាសាអង់គ្លេស A074A07798Library Block A302 HIL 1996 A074 Or.
មជ្ឈមណ្ឌលឯការនៃសាកលវិទ្យាល័យភូមិន្ទកសិកម្មចំការដូង

Powered by Koha